Design And Fabrication of FML Composites with High Toughness and Impact Strength / (Record no. 607309)
[ view plain ]
| 000 -LEADER | |
|---|---|
| fixed length control field | 02034nam a22001577a 4500 |
| 082 ## - DEWEY DECIMAL CLASSIFICATION NUMBER | |
| Classification number | 670 |
| 100 ## - MAIN ENTRY--PERSONAL NAME | |
| Personal name | Hussain, Syed Hameed |
| 245 ## - TITLE STATEMENT | |
| Title | Design And Fabrication of FML Composites with High Toughness and Impact Strength / |
| Statement of responsibility, etc. | Syed Hameed Hussain |
| 264 ## - PRODUCTION, PUBLICATION, DISTRIBUTION, MANUFACTURE, AND COPYRIGHT NOTICE | |
| Place of production, publication, distribution, manufacture | Islamabad : |
| Name of producer, publisher, distributor, manufacturer | SMME- NUST; |
| Date of production, publication, distribution, manufacture, or copyright notice | 2023. |
| 300 ## - PHYSICAL DESCRIPTION | |
| Extent | 123p. |
| Other physical details | Soft Copy |
| Dimensions | 30cm |
| 520 ## - SUMMARY, ETC. | |
| Summary, etc. | Fiber Metal Laminates (FMLs) is a hybrid composite material composed of several layers<br/>of high strength metal bonded with fiber reinforced composites layers for achieving high<br/>strength and light weight material. The aim of the study was to investigate the strength of<br/>FMLs composites based on Aluminium alloy 7075 and unidirectional glass fiber sheets<br/>bonded with 5052 epoxy having three different stacking sequences, prepared by hand<br/>layup method followed by vacuum molding. A series of surface treatments were<br/>performed to increase the surface roughness of Aluminium sheet. The resin matrix was<br/>modified by the incorporation of 1.5 wt. % nano particles i.e., carbon nanotubes and nano<br/>diamonds each. The strength of nano particles based FMLs was compared to that of with<br/>bare epoxy adhesives. Tensile and drop weight impact tests were performed on the flat<br/>test specimen as per ASTM standards to evaluate the ultimate tensile strength, maximum<br/>deformation, and toughness, while the microscopic analysis was conducted to observe the<br/>fracture behavior of FMLs. From the results, it was concluded that as the number of<br/>Aluminium layers increase with respect to glass fiber, the strength, deformation, and<br/>toughness increased. Moreover, inclusion of nanoparticles in resin matrix also showed<br/>significant increase in strength than that of bare epoxy adhesives. The Strength of FML<br/>as a function of metal volume fraction and nano particle inclusions was evaluated |
| 650 ## - SUBJECT ADDED ENTRY--TOPICAL TERM | |
| Topical term or geographic name entry element | MS Design and Manufacturing Engineering |
| 700 ## - ADDED ENTRY--PERSONAL NAME | |
| Personal name | Supervisor : Dr. Adnan Munir |
| 856 ## - ELECTRONIC LOCATION AND ACCESS | |
| Uniform Resource Identifier | <a href="http://10.250.8.41:8080/xmlui/handle/123456789/35575">http://10.250.8.41:8080/xmlui/handle/123456789/35575</a> |
| 942 ## - ADDED ENTRY ELEMENTS (KOHA) | |
| Source of classification or shelving scheme | |
| Koha item type | Thesis |
| Withdrawn status | Permanent Location | Current Location | Shelving location | Date acquired | Full call number | Barcode | Koha item type |
|---|---|---|---|---|---|---|---|
| School of Mechanical & Manufacturing Engineering (SMME) | School of Mechanical & Manufacturing Engineering (SMME) | E-Books | 12/12/2023 | 670 | SMME-TH-890 | Thesis |
